Supportes employment : naturally the right choice! : 7th EUSE Conference, Barcelona 2005, 15 - 17 June = Empleo con apoyo = Treball amb suport naturally the right choice! :
Descripción Física:
[240] p. : gràf. ; 29 cm
Materias:
Discapacitats -- Treball -- Congressos
MARC
| LEADER | 00000nam a2200000Ia 4500 | ||
|---|---|---|---|
| 001 | 21287 | ||
| 003 | BGR | ||
| 005 | 20260324180041.0 | ||
| 008 | 160829s2005 xx 000 0 cat d | ||
| 080 | |a S-1-276 | ||
| 111 | |a Conference of EUSE |9 70854 |c (Barcelona : |d 2005) | ||
| 245 | |a Supportes employment : |b naturally the right choice! : |b 7th EUSE Conference, Barcelona 2005, 15 - 17 June = Empleo con apoyo = Treball amb suport | ||
| 260 | |a Barcelona : |b Diputació de Barcelona. Àrea de Benestar Social, |c 2005 | ||
| 300 | |a [240] p. : |b gràf. ; |c 29 cm | ||
| 590 | |a Referències bibliogràfiques a cada capítol. | ||
| 590 | |a Text en anglès i castellà | ||
| 650 | 0 | |a Discapacitats |x Treball |x Congressos |9 44806 | |
| 710 | 1 | |a European Union of Supported Employment |9 70855 | |
| 901 | |a Arxiu | ||
| 942 | |n 1 |2 udc |c MON | ||
| 952 | |0 0 |1 0 |4 0 |6 S1276 |7 1 |9 52180 |a Arxiu |b Arxiu |d 2016-12-01 |l 0 |o S-1-276 |p 21287 |r 2016-12-01 00:00:00 |w 2016-12-01 |y ARXIU | ||
| 999 | |c 56028 |d 56028 | ||